| 000 | 00359nam a2200133Ia 4500 | ||
|---|---|---|---|
| 005 | 20260328104259.0 | ||
| 008 | 260328s9999||||xx |||||||||||||| ||und|| | ||
| 100 | _aLe Corbusier | ||
| 245 | 0 |
_aLe Corbusier : _b en el Río de la Plata, 1929 / _cLe Corbusier |
|
| 260 | _bUniversidad de la República | ||
| 300 | _a150 p. | ||
| 650 | _aARQUITECTOS | ||
| 942 | _cBK | ||
| 999 |
_c10542 _d10542 |
||